| 000 | 00895nam a2200265 i 4500 | ||
|---|---|---|---|
| 001 | 91810 | ||
| 003 | ES-MaACL | ||
| 005 | 20250831091718.0 | ||
| 007 | t| | ||
| 008 | 050217s2003 sp ||||1| spa d | ||
| 020 | _a84-95886-5 | ||
| 080 | _a316.344.32:32 | ||
| 245 | 0 | 4 |
_aLos intelectuales y la política / _cRafael del Aguila (coordinador) ; Victoria Camps ... [et al.]. |
| 250 | _a1ª ed. | ||
| 260 |
_aMadrid : _bPablo Iglesias, _c2003. |
||
| 300 |
_aXII, 147 p. ; _c21 cm. |
||
| 594 | _aPonencias presentadas en el seminario organizado por la Fundación Pablo Iglesias celebrado en 2002. | ||
| 650 | 4 |
_aIntelectuales- _xActividad política. _913849 |
|
| 700 | 1 |
_aÁguila Tejerina, Rafael del. _918676 |
|
| 700 | 1 |
_aCamps, Victoria. _934320 |
|
| 710 | 2 |
_aFundación Pablo Iglesias _94374 |
|
| 852 | 4 |
_aES-MaACL _jL-28876 |
|
| 852 | 4 |
_aES-MaACL _jL-28961 |
|
| 999 |
_c91810 _d91810 |
||